000 00747nam a2200277Ia 4500
005 20260320195841.0
008 008 262003s9999 xx 000 0 hin d
020 _a9789388753272
037 _aEBOOK
040 _aCRL
040 _bhin
040 _cCRL
041 _2hin
041 _ahin
084 _qCRL
100 _aशंकरलाल भट्टाचार्य, अनु. एवं सं. रामशंकर द्विवेदी
_91133313
245 0 _aउदयेर पथे-पथे
250 _a1st
260 _bRajkamal
260 _c2019
300 _a126
856 _uhttps://ebook.indiaread.in/pdfs/9789388753272.pdf
942 _cEBOOK
999 _c1716841
_d1716841